[Event "Treviso op-C 4th"]
[Site "Treviso"]
[Date "2023.04.01"]
[Round "3"]
[White "Catania, Tommaso"]
[Black "Trevisin, Alessandro"]
[Result "1-0"]
[WhiteElo "999"]
[BlackElo "999"]
[PlyCount "65"]
[EventDate "2023.03.31"]
[EventType "swiss"]
[EventRounds "5"]
[EventCountry "ITA"]
[SourceTitle "EXT 2024"]
[Source "ChessBase"]
[SourceDate "2023.10.10"]
[SourceVersion "1"]
[SourceVersionDate "2023.10.10"]
[SourceQuality "1"]

1. d4 Nf6 2. Bg5 g6 3. Nf3 Bg7 4. e3 c5 5. c3 cxd4 6. exd4 Qb6 7. Qb3 Qxb3 8. axb3 d6 9. Bd3 Nc6 10. 0-0 0-0 11. Re1 Be6 12. Nbd2 h6 13. Bh4 Rfe8 14. Bxg6 Bxb3 15. Bd3 Be6 16. h3 Kh8 17. Bc4 Bxc4 18. Nxc4 a5 19. Bxf6 Bxf6 20. d5 b5 21. Nxd6 exd6 22. Rxe8+ Rxe8 23. dxc6 b4 24. Rxa5 bxc3 25. bxc3 Bxc3 26. Ra6 Bb4 27. Nd4 Rc8 28. Kf1 Kh7 29. Ke2 Kg6 30. Kd3 Kf6 31. f4 d5 32. c7+ Kg7 33. Nb5 1-0